000
00314nam a2200121Ia 4500
008
220204s9999 xx 000 0 und d
082
_a
678:66
_b
DEV.2
245
0
_a
Developments in polymerization. V 2
260
_a
London
_b
Applied Science
_c
1979
650
_a
Polymerization
700
_a
Haward, R N
942
_c
BK
999
_c
33683
_d
33683